10 najdłuższych rzek Białorusi - Statystyki

Ogólne statystyki
  • Ten quiz został rozwiązany 29 razy
  • Średni wynik to 4 z 10
Odpowiedzi na mapie
Odpowiedzi zakodowano w zielono-czerwonej skali na mapie do tego quizu, zgodnie z poniższymi procentami.
 
Statystyki odpowiedzi
Odpowiedź % Poprawnych
Dniepr / Dniaproŭskaja
94%
Niemen / Nioman
76%
Swisłocz / Swisłač
53%
Berezyna / Biarezina
47%
Soż / Sož
35%
Wilia / Wilija
35%
Bug Zachodni / Zachodni Bug
24%
Prypieć / Prypiać
24%
Dźwina Zachodnia / Zachodniaja Dzwina
18%
Pticz / Pcič
6%
Nie znaleziono quizów pasujących do podanych kryteriów
Rozkład punktacji
Procent ludzi z każdym wynikiem
Percentyl według liczby udzielonych odpowiedzi
Twoja historia wyników
Nie rozwiązałeś tego quizu